Normal view
MARC view
- العمل والعمال -- قوانين وتشريعات -- مصر-- الدعوى المدنية -- قوانين وتشريعات -- مصر
Entry Topical Term
001 - CONTROL NUMBER
- control field: 31367
003 - CONTROL NUMBER IDENTIFIER
- control field: JO-AjAnu
005 - DATE AND TIME OF LATEST TRANSACTION
- control field: 20230606075301.0
008 - FIXED-LENGTH DATA ELEMENTS
- fixed length control field: 230606|| aca||aabn | a|a d
040 ## - CATALOGING SOURCE
- Original cataloging agency: JO-AjAnu
- Transcribing agency: JO-AjAnu
150 ## - HEADING--TOPICAL TERM
- Topical term or geographic name entry element: العمل والعمال -- قوانين وتشريعات -- مصر-- الدعوى المدنية -- قوانين وتشريعات -- مصر
670 ## - SOURCE DATA FOUND
- Source citation: Work cat.: (JO-AjAnu)16107: حسن، علي عوض, author 31366, الصيغ القانونية للدعاوى العمالية : قانون العمل رقم 137 لسنة 1981 والقرارات المنفذة له، قانون النقابات العمالية رقم 35 لسنة 1976